| 000 | 00912cam a22002655a 4500 | ||
|---|---|---|---|
| 999 |
_c27327 _d27298 |
||
| 005 | 20190404133835.0 | ||
| 008 | 170505t2018 paua fr 001 0 eng d | ||
| 020 | _a9781496396600 | ||
| 020 | _a149639660X | ||
| 040 |
_aDNLM/DLC _beng _cDLC _dDLC _dEG-ScBUE _dEG-ScBUE |
||
| 082 | 0 | 4 |
_a617.695 _bSTE _222 |
| 100 | 1 |
_aStewart, Marcia _q(Marcia Gladwin). |
|
| 245 | 1 | 0 |
_aClinical aspects of dental materials : _btheory, practice and cases / _cMarcia (Gladwin) Stewart, Michael Bagby. |
| 250 | _a5th ed., international ed. | ||
| 260 |
_aPhiladelphia : _bWolters Kluwer, _cc.2018. |
||
| 300 |
_axv, 523 p. : _bill. (col.) ; _c28 cm. |
||
| 500 | _aIncludes index. | ||
| 650 | 7 |
_aDental Materials. _2BUEsh |
|
| 650 | 7 |
_aDental Casting Technique. _2BUEsh |
|
| 650 | 7 |
_aDental Impression Technique. _2BUEsh |
|
| 651 | _2BUEsh | ||
| 653 |
_bDDent _cMarch2019 |
||
| 700 | 1 |
_aBagby, Michael _q(Michael D.). |
|
| 942 | _2ddc | ||